00300nam a2200121Ia 4500008004100000041000800041082001500049100001700064245002800081260003300109300001900142999001700161241015s9999 xx 000 0 und d aeng a332.63 PAR aParameswaran aFixed Income Securities bWiley IndiaaNew Delhic2023 a183;. P. 27 cm c41852d41852